LEADER 01061nam a2200265 u 4500 001 000000061817 003 CaOOAMICUS 005 20070226121051.0 008 010913s1977 gw u000 u ger u 020 $a3466350271 035 $a10902714 040 $aPUL(R)$bita 100 1 $aKuhn, Annette,$d1945-$0(OLS)http://pul/name/42163 245 10$aIndustrielle Revolution und Gesellschaftlicher Wandel /$cAnnette Kuhn. 260 $aMünchen :$bKösel,$c1977. 300 $a101 p. ;$c24 cm 650 4$aEconomia.$0(OLS)http://pul/subject/1893 650 4$aRivoluzione industriale.$0(OLS)http://pul/subject/22244 850 $aPUL 852 $aPUL$W1$xDP1 Cons. Gen., Altre Classi 1$y22$m46 D 20$j80479$nBK-PRI$b $qStampati$B80479$CPULBib$Z2$F80479 $H $81 941 1 $a8 961 $aINV: 65560 996 $6020$a3466350271$9(OLS)http://pul/number/80103 996 $6245$aIndustrielle Revolution und Gesellschaftlicher Wandel$9(OLS)http://pul/title/82520 996 $6260$aMünchen :$bKösel$9(OLS)http://pul/publisher/51630 LEADER 01354nam a2200277 a 4500 001 000000140571 003 CaOOAMICUS 005 20141119113815.0 008 141119s2014 it m 001 u eng d 040 $aPUL$bita 100 1 $aMaravilla, Alfredo, s.d.b., 1962-$0(OLS)http://pul/name/90616 245 10$aMissio inter gentes:$btowards a theology of sharing the faith in east Asia in the light of FABC documents (1970-2009) / $cJ.Trinidad Lomelí Ochoa. 260 $aRoma :$b[s.n.],$c2014. 300 $a177 p.$c24 cm 502 $aTesi di Dottorato in Teologia--Pontificia Università Gregoriana, 2014. 504 $aBibliografia : p. [95]-167. 650 4$aMissiologia.$0(OLS)http://pul/subject/9730 650 4$aMissioni$zAsia.$0(OLS)http://pul/subject/25679 650 4$aConferenze episcopali$zAsia.$0(OLS)http://pul/subject/40957 710 2 $aPontificia Università Gregoriana.$bFacoltà di teologia.$kTesi.$0(OLS)http://pul/name/81592 850 $aPUL 852 $aPUL$W1$xDP1 Tesi Pon. Univ. Gregoriana$y40$m2014 B 8$j160883$qTesi$B161900$CPULBib$Z2$F161900 $82 941 1 $a16 996 $6245$aMissio inter gentes:$btowards a theology of sharing the faith in east Asia in the light of FABC documents (1970-2009) / $9(OLS)http://pul/title/177914 996 $6260$aRoma :$b[s.n.]$9(OLS)http://pul/publisher/47958